Dohody o slobodnom obchode, ich význam a dosahy v globalizujúcom sa svetovom hospodárstve
Dohody o slobodnom obchode sa stali mimoriadne frekventovaným pojmom medzinárodnej obchodnej a integračnej politiky. Stručná história dohôd. Ochranárstvo (protekcionizmus) verzus slobodný obchod. Rozšírenie počtu, významu a globálneho dosahu dohôd o slobodnom obchode. Význam a funkcie dohôd.
Saved in:
| Main Author: | |
|---|---|
| Other Authors: | , |
| Format: | Book Chapter |
| Language: | Slovak |
| Subjects: | |
| Tags: |
No Tags, Be the first to tag this record!
|
MARC
| LEADER | 00000naa$a2200000$$$4500 | ||
|---|---|---|---|
| 001 | 0049517 | ||
| 005 | 20240502071555.5 | ||
| 041 | 0 | |a slo | |
| 044 | |a SK | ||
| 245 | 1 | 0 | |a Dohody o slobodnom obchode, ich význam a dosahy v globalizujúcom sa svetovom hospodárstve |c Igor Kosír, Miloslav Rosenberg, Ľuboslav Kosír |
| 520 | |a Dohody o slobodnom obchode sa stali mimoriadne frekventovaným pojmom medzinárodnej obchodnej a integračnej politiky. Stručná história dohôd. Ochranárstvo (protekcionizmus) verzus slobodný obchod. Rozšírenie počtu, významu a globálneho dosahu dohôd o slobodnom obchode. Význam a funkcie dohôd. | ||
| 610 | 2 | 0 | |a obchod voľný |
| 610 | 2 | 0 | |a dohody |
| 610 | 2 | 0 | |a dohody obchodné medzinárodné |
| 610 | 2 | 0 | |a protekcionizmus |
| 610 | 2 | 0 | |a globalizácia |
| 100 | 1 | |a Kosír, Igor | |
| 700 | 1 | |a Rosenberg, Miloslav | |
| 700 | 1 | |a Kosír, Ľuboslav | |